Kultúrne centrum

Gespeichert in:
Bibliographische Detailangaben
1. Verfasser: Rogel, Andrej (Verfasst von)
Weitere Verfasser: Pernišová, Alena (Betreuung Doktorarbeit)
Format: Manuskript Buch
Sprache:Slowakisch
Veröffentlicht: 2015
Schlagworte:
Online-Zugang:http://is.stuba.sk/zp/portal_zp.pl?podrobnosti=109807
https://opac.crzp.sk/?fn=detailBiblioForm&sid=78283B71680DBAF21C45DA1D22D4
Tags: Tag hinzufügen
Keine Tags, Fügen Sie das erste Tag hinzu!

MARC

LEADER 00000ntm a22000003a 4500
001 stuzp50960
003 SK-STU
005 20231109111049.9
007 ta
008 150427s2015----xo-----f-mn---000-0-slo-d
040 |a STU  |b slo 
041 0 |a slo 
100 1 |a Rogel, Andrej  |u 010180  |4 aut  |U SvF Stavebná fakulta  |T SvF Katedra konštrukcií pozemných stavieb  |X 63816  |U V180  |Y 18  |7 63816 
242 0 1 |a Cultural center  |y eng 
245 1 0 |a Kultúrne centrum 
260 |c 2015 
650 4 |a Kultúrne centrum  |2 slo 
650 4 |a projektová dokumentácia na realizáciu stavby  |2 slo 
650 4 |a Trnava  |2 slo 
650 4 |a novostavba  |2 slo 
650 4 |a new building  |2 eng 
650 4 |a Cultural center  |2 eng 
650 4 |a project for building realization  |2 eng 
650 4 |a Trnava  |2 eng 
700 1 |a Pernišová, Alena  |4 ths  |X 751  |7 A000000751 
856 4 |u http://is.stuba.sk/zp/portal_zp.pl?podrobnosti=109807 
856 4 |u https://opac.crzp.sk/?fn=detailBiblioForm&sid=78283B71680DBAF21C45DA1D22D4 
SQL |a stuzp50960  |b DDP  |c SLO  |d Kultúrne centrum  |e 63816  |f Rogel, Andrej  |g 010180  |h 751  |i Pernišová, Alena  |j 20150618  |k 8  |l 01  |m http://is.stuba.sk/zp/portal_zp.pl?podrobnosti=109807  |n I-AKP  |o 5.1.4. pozemné stavby